00814nam a2200229 a 450000100100000000500170001000800410002702000150006804000260008308200150010910000340012424501200015826000650027830000330034350400410037650000420041765000220045965000280048165000240050970000330053370000180056600002604820240523175921.0110225s1981 ck a r 000 0 spa d a9589196896 aDO-SdBNPbspacBNPHUH a181bG982s1 aGustav Jung, Carl,d1875-196110aEl secreto de la flor de oro :bUn libro de la vida chino /cCarl Gustav Jung, Richard Wilhelm ; prefacio C G Jung. aSantafé de Bogotá, (Colombia) :bEditorial Solar,c1981? a168, [8] p. :bil. ;c21 cm. aIncluye referencias bibliográficas aIncluye notas al pie de las páginas 4aFilosofía china 0a Filosofía asiática 4aFilosofía antigua1 aWilhelm, Richard,d1873-19301 aJung, Carl G.